| 000 | 01611nam a22002177a 4500 | ||
|---|---|---|---|
| 100 | _aKerche, E.F | ||
| 245 | _aManufacturing and characterization of recycled SBR-based composites for surfboard decks | ||
| 260 |
_bJournal of Rubber Research, 25(4): 375-382. _c2022 |
||
| 520 | _aThe footwear processes generate a large amount of waste on the soles’ cutting and finishing steps. Styrene–butadiene rubber (SBR) is commonly used as feedstock for soles, mainly presenting good abrasion resistance, deformation and durability. These features make SBR a candidate for the manufacturing of non-slip surfaces, that provide softness, low density and wear resistance. The objective of this work was to develop a polymeric matrix composite material, using SBR scraps, from the shoes’ production, to design the non-slip surfboard decks. Composites, composed by different ratios of SBR (i.e., 20, 40, and 60 wt.%) and polymer matrices (i.e., polyvinylchloride (PVC), ethyl vinyl acetate (EVA), and styrene–butadiene styrene (SBS) rubber) were developed and characterized by tensile, morphological and apparent density. The main results showed that the SBS/SBR composite closely met the adhesion requirements for the final application, containing 20 wt.% SBR scraps. | ||
| 650 | _aWaste composite | ||
| 650 | _aStyrene-butadiene rubber | ||
| 650 | _aFootwear soles | ||
| 650 | _aSurfboard decks | ||
| 700 | _aSchneider, E.L | ||
| 700 | _aGrassi, G.D | ||
| 700 | _aRobinson, L.C | ||
| 700 | _aFurlanetto, A | ||
| 700 | _aLuz, S.M.D | ||
| 856 | _uhttps://doi.org/10.1007/s42464-022-00172-5 | ||
| 942 | _cJS | ||
| 999 |
_c74921 _d74921 |
||